Normal view
MARC view
Entry Personal Name
001 - CONTROL NUMBER
- control field: 86839
003 - CONTROL NUMBER IDENTIFIER
- control field: dpl
005 - DATE AND TIME OF LATEST TRANSACTION
- control field: 20260123163407.0
008 - FIXED-LENGTH DATA ELEMENTS
- fixed length control field: 260123|| aca||aabn | a|a d
040 ## - CATALOGING SOURCE
- Original cataloging agency: dpl
- Transcribing agency: dpl
100 ## - HEADING--PERSONAL NAME
- Personal name: रचना भोला
670 ## - SOURCE DATA FOUND
- Source citation: Work cat.: (dpl)214488: शास्त्री ,त्रिलोचन 86838, हिन्दू धर्म का सार :, 2025
